Perspectivas ideológicas de la cuestión femenina en la inglaterra victoriana /
Guardado en:
| Autor Principal: | |
|---|---|
| Otros Autores: | , , |
| Formato: | Libro |
| Publicado: |
Bahía Blanca :
Universidad Nacional del Sur. Departamento de Humanidades ,
1999
|
| Materias: | |
| Etiquetas: |
Agregar Etiqueta
Sin Etiquetas, Sea el primero en etiquetar este registro!
|
| LEADER | 00832nam a22002175a 4500 | ||
|---|---|---|---|
| 001 | CEM.cems010537 | ||
| 005 | 20080512125103.0 | ||
| 008 | 130507s1999##################000#0#####d | ||
| 003 | CEMS | ||
| 020 | |a 9879281209 | ||
| 082 | 0 | 4 | |a 396.09 |
| 100 | 1 | |a Caviglia de Villar, María Jorgelina | |
| 245 | 1 | 0 | |a Perspectivas ideológicas de la cuestión femenina en la inglaterra victoriana / |c María Jorgelina Caviglia, Marta María Biancalana, Claudia Marinsalta ; prólog de Cecilia Lagunas |
| 260 | |a Bahía Blanca : |b Universidad Nacional del Sur. Departamento de Humanidades , |c 1999 | ||
| 300 | |a 110 p. | ||
| 653 | |a Mujer | ||
| 653 | |a Mujer-condición social | ||
| 700 | 1 | |a Biancalana, Marta María | |
| 700 | 1 | |a Marinsalta, Claudia | |
| 700 | 1 | |a Lagunas, Cecilia, pról. | |
| 859 | |a CEMS |b BIB. CEMS - 11 de abril |h 396.09 |i C316 |p 21029.00 |t Ej.1 | ||
